市区のみに囲まれ、かつ内陸の市区 - Statistics

General Stats
  • This quiz has been taken 33 times
  • The average score is 87 of 112
Answer Stats
都道府県 周りの市区 % Correct
東京都 小金井市 小平市、西東京市、武蔵野市、三鷹市、調布市、府中市、国分寺市
95%
東京都 千代田区 文京区、台東区、中央区、港区、新宿区
90%
東京都 新宿区 豊島区、文京区、千代田区、港区、渋谷区、中野区、
90%
東京都 文京区 北区、荒川区、台東区、千代田区、新宿区、豊島区
90%
東京都 台東区 荒川区、墨田区、中央区、千代田区、文京区
90%
東京都 墨田区 足立区、葛飾区、江戸川区、江東区、中央区、台東区、荒川区
90%
東京都 世田谷区 杉並区、渋谷区、目黒区、大田区、川崎市、狛江市、調布市、三鷹市
90%
東京都 渋谷区 中野区、新宿区、港区、品川区、目黒区、世田谷区、杉並区
90%
東京都 中野区 練馬区、豊島区、新宿区、渋谷区、杉並区
90%
東京都 杉並区 練馬区、中野区、渋谷区、世田谷区、三鷹市、武蔵野市
90%
東京都 豊島区 板橋区、北区、文京区、新宿区、中野区、練馬区
90%
東京都 北区 川口市、足立区、荒川区、文京区、豊島区、板橋区、戸田市
90%
東京都 板橋区 戸田市、北区、豊島区、練馬区、和光市
90%
東京都 練馬区 板橋区、豊島区、中野区、杉並区、武蔵野市、西東京市、新座市、朝霞市、和光市
90%
東京都 葛飾区 八潮市、三郷市、松戸市、江戸川区、墨田区、足立区
90%
東京都 立川市 武蔵村山市、東大和市、小平市、国分寺市、国立市、日野市、昭島市、福生市
90%
東京都 武蔵野市 西東京市、練馬区、杉並区、三鷹市、小金井市
90%
東京都 三鷹市 武蔵野市、杉並区、世田谷区、調布市、小金井市
90%
東京都 町田市 八王子市、多摩市、川崎市、横浜市、大和市、相模原市
90%
東京都 小平市 東大和市、東村山市、東久留米市、西東京市、小金井市、国分寺市、立川市
90%
東京都 日野市 昭島市、立川市、国立市、府中市、多摩市、八王子市
90%
東京都 国分寺市 小平市、小金井市、府中市、国立市、立川市
90%
東京都 国立市 国分寺市、府中市、日野市、立川市
90%
東京都 狛江市 調布市、世田谷区、川崎市
90%
茨城県 石岡市 笠間市、小美玉市、かすみがうら市、土浦市、つくば市、桜川市
86%
埼玉県 戸田市 さいたま市、蕨市、川口市、北区、板橋区、和光市、朝霞市
86%
千葉県 松戸市 流山市、柏市、鎌ケ谷市、市川市、江戸川区、葛飾区、三郷市
86%
千葉県 柏市 守谷市、取手市、我孫子市、印西市、白井市、鎌ケ谷市、松戸市、流山市、野田市
86%
東京都 目黒区 渋谷区、品川区、大田区、世田谷区
86%
東京都 荒川区 足立区、墨田区、台東区、文京区、北区
86%
東京都 足立区 草加市、八潮市、葛飾区、墨田区、荒川区、北区、川口市
86%
東京都 府中市 国分寺市、小金井市、調布市、稲城市、多摩市、日野市、国立市
86%
東京都 調布市 三鷹市、世田谷区、狛江市、川崎市、稲城市、府中市、小金井市
86%
東京都 清瀬市 所沢市、新座市、東久留米市、東村山市
86%
東京都 東久留米市 清瀬市、新座市、西東京市、小平市、東村山市
86%
東京都 多摩市 府中市、稲城市、川崎市、町田市、八王子市、日野市
86%
神奈川県 大和市 相模原市、町田市、横浜市、藤沢市、綾瀬市、海老名市、座間市
86%
兵庫県 加東市 西脇市、丹波篠山市、三田市、三木市、小野市、加西市
86%
茨城県 つくば市 桜川市、石岡市、土浦市、牛久市、龍ケ崎市、つくばみらい市、常総市、下妻市、筑西市
81%
茨城県 つくばみらい市 つくば市、龍ケ崎市、取手市、守谷市、常総市
81%
埼玉県 川口市 さいたま市、越谷市、草加市、足立区、北区、戸田市、蕨市
81%
埼玉県 草加市 越谷市、吉川市、三郷市、八潮市、足立区、川口市
81%
埼玉県 朝霞市 さいたま市、戸田市、和光市、練馬区、新座市、志木市
81%
埼玉県 和光市 戸田市、板橋区、練馬区、朝霞市
81%
埼玉県 八潮市 草加市、三郷市、葛飾区、足立区
81%
千葉県 流山市 野田市、柏市、松戸市、三郷市、吉川市
81%
東京都 東村山市 所沢市、清瀬市、東久留米市、小平市、東大和市
81%
東京都 東大和市 所沢市、東村山市、小平市、立川市、武蔵村山市
81%
東京都 稲城市 府中市、調布市、川崎市、多摩市
81%
東京都 西東京市 新座市、練馬区、武蔵野市、小金井市、小平市、東久留米市
81%
神奈川県 座間市 相模原市、大和市、海老名市、厚木市
81%
神奈川県 綾瀬市 海老名市、大和市、藤沢市
81%
愛知県 瀬戸市 多治見市、土岐市、豊田市、長久手市、尾張旭市、名古屋市、春日井市
81%
愛知県 尾張旭市 瀬戸市、長久手市、名古屋市
81%
滋賀県 草津市 守山市、栗東市、大津市
81%
滋賀県 守山市 野洲市、栗東市、草津市、大津市
81%
滋賀県 栗東市 守山市、野洲市、湖南市、甲賀市、大津市、草津市
81%
大阪府 豊中市 池田市、箕面市、吹田市、大阪市、尼崎市、伊丹市
81%
大阪府 池田市 箕面市、豊中市、伊丹市、川西市
81%
大阪府 吹田市 箕面市、茨木市、摂津市、大阪市、豊中市
81%
大阪府 守口市 摂津市、寝屋川市、門真市
81%
大阪府 寝屋川市 高槻市、枚方市、交野市、四條畷市、大東市、門真市、守口市、摂津市
81%
大阪府 門真市 守口市、寝屋川市、大東市、大阪市
81%
大阪府 四條畷市 寝屋川市、交野市、生駒市、大東市
81%
大阪府 交野市 枚方市、生駒市、四條畷市、寝屋川市
81%
兵庫県 小野市 加東市、三木市、加古川市、加西市
81%
群馬県 桐生市 みどり市、佐野市、足利市、太田市、沼田市、伊勢崎市、前橋市
76%
群馬県 みどり市 日光市、鹿沼市、佐野市、桐生市、太田市、伊勢崎市、沼田市
76%
埼玉県 さいたま市 蓮田市、白岡市、春日部市、越谷市、川口市、蕨市、戸田市、朝霞市、志木市、富士見市、川越市、上尾市
76%
埼玉県 蕨市 さいたま市、川口市、戸田市
76%
東京都 昭島市 福生市、立川市、日野市、八王子市
76%
富山県 砺波市 高岡市、射水市、富山市、南砺市、小矢部市
76%
岐阜県 多治見市 可児市、土岐市、瀬戸市、春日井市、小牧市、犬山市
76%
岐阜県 美濃市 郡上市、関市
76%
愛知県 長久手市 尾張旭市、瀬戸市、豊田市、日進市、名古屋市
76%
三重県 亀山市 鈴鹿市、津市、伊賀市、甲賀市
76%
大阪府 大東市 門真市、寝屋川市、四條畷市、生駒市、東大阪市、大阪市
76%
大阪府 摂津市 茨木市、高槻市、寝屋川市、守口市、大阪市、吹田市
76%
山口県 美祢市 長門市、萩市、山口市、宇部市、山陽小野田市、下関市
76%
茨城県 守谷市 常総市、つくばみらい市、取手市、柏市、野田市
71%
埼玉県 三郷市 吉川市、流山市、松戸市、葛飾区、八潮市、草加市
71%
神奈川県 伊勢原市 厚木市、平塚市、秦野市
71%
石川県 野々市市 金沢市、白山市
71%
岐阜県 郡上市 高山市、下呂市、関市、美濃市、大野市
71%
愛知県 稲沢市 一宮市、清須市、あま市、愛西市、海津市、羽島市
71%
愛知県 清須市 一宮市、北名古屋市、名古屋市、あま市、稲沢市、
71%
京都府 向日市 京都市、長岡京市
71%
大阪府 松原市 大阪市、八尾市、藤井寺市、羽曳野市、堺市
71%
大阪府 藤井寺市 八尾市、柏原市、羽曳野市、松原市
71%
和歌山県 岩出市 阪南市、泉南市、紀の川市、和歌山市
71%
千葉県 八千代市 白井市、印西市、佐倉市、千葉市、習志野市、船橋市
67%
千葉県 鎌ケ谷市 柏市、白井市、船橋市、市川市、松戸市
67%
千葉県 白井市 柏市、印西市、八千代市、船橋市、鎌ケ谷市
67%
山梨県 韮崎市 北杜市、甲斐市、南アルプス市
67%
静岡県 藤枝市 静岡市、焼津市、島田市
67%
愛知県 安城市 豊田市、岡崎市、西尾市、碧南市、高浜市、刈谷市、知立市
67%
兵庫県 伊丹市 宝塚市、川西市、池田市、豊中市、尼崎市、西宮市
67%
埼玉県 狭山市 川越市、所沢市、入間市、飯能市、日高市
62%
千葉県 四街道市 佐倉市、千葉市
62%
静岡県 菊川市 島田市、牧之原市、御前崎市、掛川市
62%
愛知県 知立市 豊田市、安城市、刈谷市
62%
福岡県 春日市 福岡市、大野城市、那珂川市
62%
北海道 赤平市 深川市、芦別市、歌志内市、砂川市、滝川市
57%
岐阜県 山県市 関市、岐阜市、本巣市
57%
愛知県 岩倉市 江南市、小牧市、北名古屋市、一宮市
57%
大阪府 大阪狭山市 堺市、富田林市、河内長野市
57%
北海道 三笠市 美唄市、芦別市、夕張市、岩見沢市
48%
茨城県 潮来市 行方市、鹿嶋市、神栖市、香取市、稲敷市
48%
埼玉県 鶴ヶ島市 坂戸市、川越市、日高市
48%
新潟県 小千谷市 長岡市、魚沼市、十日町市
48%
新潟県 見附市 三条市、長岡市
43%
福岡県 うきは市 朝倉市、日田市、八女市、久留米市
33%
No matching quizzes found
Score Distribution
Percent of People with Each Score
Percentile by Number Answered
Your Score History
You have not taken this quiz